| Tag |
First Indicator |
Second Indicator |
Subfields |
| LEADER |
00000cam a22000001 4500 |
| 001 |
in00000057026 |
| 005 |
20151008050933.0 |
| 008 |
730313s1965 iluc b 00010 eng |
| 010 |
|
|
|a 65013267
|
| 035 |
|
|
|a (OCoLC)00604391
|
| 035 |
|
|
|9 AAG4437AM
|
| 040 |
|
|
|a DLC
|c DLC
|d TXA
|d UtOrBLW
|
| 043 |
|
|
|a n-us---
|
| 049 |
|
|
|a TXAM
|c [452939]
|
| 050 |
0 |
0 |
|a JK1158
|b .R5
|
| 082 |
0 |
|
|a 328.73
|
| 092 |
|
|
|a 328.73
|b R557o
|
| 100 |
1 |
|
|a Rienow, Robert,
|d 1907-1989.
|
| 245 |
1 |
0 |
|a Of snuff, sin, and the Senate /
|c [by] Robert Rienow & Leona Train Rienow.
|
| 264 |
|
1 |
|a Chicago :
|b Follett Pub. Co.,
|c 1965.
|
| 300 |
|
|
|a xx, 360 pages :
|b portraits ;
|c 22 cm.
|
| 336 |
|
|
|a text
|b txt
|2 rdacontent
|
| 337 |
|
|
|a unmediated
|b n
|2 rdamedia
|
| 338 |
|
|
|a volume
|b nc
|2 rdacarrier
|
| 504 |
|
|
|a Bibliography: pages 337-347.
|
| 610 |
1 |
0 |
|a United States.
|b Congress.
|b Senate.
|
| 650 |
|
0 |
|a Political corruption
|z United States.
|
| 651 |
|
0 |
|a United States
|x History
|y 1865-
|
| 700 |
1 |
|
|a Rienow, Leona Train.
|
| 999 |
|
|
|a MARS
|
| 999 |
f |
f |
|s 03754458-bf0a-3387-9bda-baf0b01a2a4c
|i 13efc5ba-7e69-3fc7-aef1-d4b610d9627c
|t 0
|
| 952 |
f |
f |
|p ric
|a Texas A&M University
|b Rellis Campus
|c Joint Library Facility
|d Remote Storage
|t 0
|e JK1158 .R5
|h Library of Congress classification
|i unmediated -- volume
|m A14829467925
|
| 998 |
f |
f |
|a JK1158 .R5
|t 0
|l Remote Storage
|